00461pab a2200145 454500008004000000100002200040245012200062260000900184300001300193362000800206650002600214650001400240650001800254773004300272180718b1998 xxu||||| |||| 00| 0 eng d aPandey, Satish C. aA study of relationship between personality dimensions and organisational role stress in a public sector organisation c1998 ap.506-16 aApr aPublic sector - India aEmployees aPublic sector aIndian Journal of Industrial Relations